<?xml version="1.0" encoding="UTF-8"?><?xml-stylesheet type="text/xsl" href="static/style.xsl"?><OAI-PMH xmlns="http://www.openarchives.org/OAI/2.0/" xmlns:xsi="http://www.w3.org/2001/XMLSchema-instance" xsi:schemaLocation="http://www.openarchives.org/OAI/2.0/ http://www.openarchives.org/OAI/2.0/OAI-PMH.xsd"><responseDate>2026-04-17T20:09:21Z</responseDate><request verb="GetRecord" identifier="oai:www.recercat.cat:20.500.12328/4453" metadataPrefix="marc">https://recercat.cat/oai/request</request><GetRecord><record><header><identifier>oai:recercat.cat:20.500.12328/4453</identifier><datestamp>2025-05-16T12:49:23Z</datestamp><setSpec>com_2072_67741</setSpec><setSpec>col_2072_484352</setSpec></header><metadata><record xmlns="http://www.loc.gov/MARC21/slim" xmlns:dcterms="http://purl.org/dc/terms/" xmlns:xsi="http://www.w3.org/2001/XMLSchema-instance" xmlns:doc="http://www.lyncode.com/xoai" xsi:schemaLocation="http://www.loc.gov/MARC21/slim http://www.loc.gov/standards/marcxml/schema/MARC21slim.xsd">
   <leader>00925njm 22002777a 4500</leader>
   <datafield ind2=" " ind1=" " tag="042">
      <subfield code="a">dc</subfield>
   </datafield>
   <datafield ind2=" " ind1=" " tag="720">
      <subfield code="a">Guinot Jimeno, Francisco</subfield>
      <subfield code="e">author</subfield>
   </datafield>
   <datafield ind2=" " ind1=" " tag="720">
      <subfield code="a">Mercade, Montserrat</subfield>
      <subfield code="e">author</subfield>
   </datafield>
   <datafield ind2=" " ind1=" " tag="720">
      <subfield code="a">Oprysnyk, L.</subfield>
      <subfield code="e">author</subfield>
   </datafield>
   <datafield ind2=" " ind1=" " tag="720">
      <subfield code="a">Veloso Durán, Ana</subfield>
      <subfield code="e">author</subfield>
   </datafield>
   <datafield ind2=" " ind1=" " tag="720">
      <subfield code="a">Boj, J. R.</subfield>
      <subfield code="e">author</subfield>
   </datafield>
   <datafield ind2=" " ind1=" " tag="260">
      <subfield code="c">2021</subfield>
   </datafield>
   <datafield ind2=" " ind1=" " tag="520">
      <subfield code="a">Aim: To determine the effect of active distraction when playing PlayStation® video games, compared to passive distraction when watching a cartoon with audiovisual eyeglasses, on parental perception of patients' anxiety, and children's anxiety, pain, behaviour and heart rate during restorative procedures in paediatric dentistry. Materials and methods: Study design: Randomised crossover clinical trial. There were 34 patients in the cartoon film group (passive distraction) and 34 in the Playstation® video game group (active distraction), aged 6-8 years, who required a minimum of 2 visits for restorative treatment. Rimax® iVision 5.0 eyeglasses were used in both groups. Parental perception of patients' anxiety (Modified Corah Dental Anxiety Scale), and children's anxiety (Venham Picture Test), pain (Wong-Baker Faces Scale), behaviour (Frankl Scale) and heart rate were evaluated at each of the treatment visits. Preference for and satisfaction with the audiovisual product were also assessed. Results: There were significant differences in self-reported pain between control (P=0.016) and experimental (P=0.013) visits in both groups, with lower values in the Playstation® video game group. No significant differences were found (P>0.05) in the other variables evaluated with the use of active distraction. A significant increase in heart rate was recorded at each treatment visit (P=0.0001) when the anaesthetic was injected. All the patients wanted to continue watching or playing their chosen cartoon or Playstation® video game during subsequent visits. Conclusion: The use of PlayStation® video games for active audiovisual distraction, compared with passive distraction with a cartoon, improved self-reported pain but did not reduce parents' perception of patients' anxiety, pain, global behaviour, or heart rate. Both distraction methods were accepted by paediatric patients.</subfield>
   </datafield>
   <datafield ind1="8" ind2=" " tag="024">
      <subfield code="a">Guinot Jimeno, Francisco; Mercade, Montserrat; Oprysnyk, L. [et al.]. Comparison of active versus passive audiovisual distraction tools on children's behaviour, anxiety and pain in paediatric dentistry: a randomised crossover clinical trial. European Journal of Paediatric Dentistry, 2021, 22, p. 230-236. Disponible en: &lt;https://pubmed.ncbi.nlm.nih.gov/34544253/>. Fecha de acceso: 20 nov. 2024. DOI: 10.23804/ejpd.2021.22.03.10</subfield>
   </datafield>
   <datafield ind1="8" ind2=" " tag="024">
      <subfield code="a">2035-648X</subfield>
   </datafield>
   <datafield ind1="8" ind2=" " tag="024">
      <subfield code="a">http://hdl.handle.net/20.500.12328/4453</subfield>
   </datafield>
   <datafield ind1="8" ind2=" " tag="024">
      <subfield code="a">https://www.dx.doi.org/10.23804/ejpd.2021.22.03.10</subfield>
   </datafield>
   <datafield tag="653" ind2=" " ind1=" ">
      <subfield code="a">Ansietat</subfield>
   </datafield>
   <datafield tag="653" ind2=" " ind1=" ">
      <subfield code="a">Distracció audiovisual</subfield>
   </datafield>
   <datafield tag="653" ind2=" " ind1=" ">
      <subfield code="a">Comportament</subfield>
   </datafield>
   <datafield tag="653" ind2=" " ind1=" ">
      <subfield code="a">Gestió d'infants</subfield>
   </datafield>
   <datafield tag="653" ind2=" " ind1=" ">
      <subfield code="a">Dolor</subfield>
   </datafield>
   <datafield tag="653" ind2=" " ind1=" ">
      <subfield code="a">Ansiedad</subfield>
   </datafield>
   <datafield tag="653" ind2=" " ind1=" ">
      <subfield code="a">Distracción audiovisual</subfield>
   </datafield>
   <datafield tag="653" ind2=" " ind1=" ">
      <subfield code="a">Conducta</subfield>
   </datafield>
   <datafield tag="653" ind2=" " ind1=" ">
      <subfield code="a">Manejo infantil</subfield>
   </datafield>
   <datafield tag="653" ind2=" " ind1=" ">
      <subfield code="a">Dolor</subfield>
   </datafield>
   <datafield tag="653" ind2=" " ind1=" ">
      <subfield code="a">Anxiety</subfield>
   </datafield>
   <datafield tag="653" ind2=" " ind1=" ">
      <subfield code="a">Audiovisual distraction</subfield>
   </datafield>
   <datafield tag="653" ind2=" " ind1=" ">
      <subfield code="a">Behaviour</subfield>
   </datafield>
   <datafield tag="653" ind2=" " ind1=" ">
      <subfield code="a">Child management</subfield>
   </datafield>
   <datafield tag="653" ind2=" " ind1=" ">
      <subfield code="a">Pain</subfield>
   </datafield>
   <datafield ind2="0" ind1="0" tag="245">
      <subfield code="a">Comparison of active versus passive audiovisual distraction tools on children's behaviour, anxiety and pain in paediatric dentistry: a randomised crossover clinical trial</subfield>
   </datafield>
</record></metadata></record></GetRecord></OAI-PMH>